Quizzes
Events
Quiz Creation
Community
Videos
Private Events
Remove Ads
Sign In
Join for FREE
Feedback
Dark Mode
Quiz Categories
Sports
Geography
Music
Movies
Television
Just For Fun
Miscellaneous
History
Literature
Language
Science
Gaming
Entertainment
Religion
Holiday
For Kids
Quiz Lab
Recent
Popular Today
Quiz Kudos Today
Editor Picks
Curator Picks
Quizzes by...
Day
Popularity
Type
Ratings
Length
Year
Community
Subscriptions
Recent Discussions
Orange Saloon
Badges
Playlists
Quests
Create
Leaderboards
Showdown
Live 5
Trivia Bingo
Activity
Puzzle Library
Sporcle Events
Private Events
Virtual Trivia
Globe League
Become a Host
Pub Owners
SporcleCon
Opinionation
Our Games
Videos
Blog
Mobile Apps
Partnerships
Remove Ads and Go Orange
Feedback
Entertainment
Celebrity
Famous
Musical
Broadway
Show
Quote
Comic Books
Anime
Superhero
DC Comics
Marvel
Cartoons
Animation
Entertainment
Celebrity
Famous
Musical
Broadway
Show
Quote
Comic Books
Anime
Superhero
DC Comics
Marvel
Cartoons
Animation
Random Quiz
Search Sporcle
×
Quiz Lab
Quiz Lab
Entertainment
Comic Books
Type in answers that appear in a list
Type in answers that appear in a list
Classic
Best Score? Go Orange.
Order of the Stick Characters Stats
Can you name the characters from Order of the Stick?
By
Fawkes
10m
20 Questions
679 Plays
679 Plays
679 Plays
Comments
Comments
Give Quiz Kudos
Give Quiz Kudos
-
- Ratings
hide this ad
Replay
Link that replays current quiz
Next Quiz
Link to next quiz in quiz playlist
You Got
0%
They Got
Avg Score
76%
Avg Friend Score
Upgrade to see
Score Distribution
Jump to the score distribution portion of the page
Score
0/20
Timer
10:00
0
Plays Today
Hint
Character
% Correct
Human Bard/
Dashing Swordsman
Elan
98.2%
Human Fighter
Roy Greenhilt
97.9%
Human Rogue
Haley Starshine
96.5%
Human Fighter/
Rogue/
Sorcerer
Nale
95.7%
Halfling Ranger/
Barbarian
Belkar Bitterleaf
93.4%
Goblin Cleric
Redcloak
92.6%
Dwarf Cleric
Durkon Thundershield
91.3%
Lich (Human Sorcerer)
Xykon
89.1%
Half-
Orc Fighter/
Barbarian
Thog
88.2%
Elf Wizard
Vaarsuvius
83.8%
Hint
Character
% Correct
Human Fallen Paladin/
Monk
Miko Miyazaki
81.3%
Demon (or maybe Devil)
Sabine
77.4%
Human Paladin
Hinjo
70.1%
Sylph
Celia
68.1%
Human Aristocrat
Shojo
66.4%
Ghost (Human Wizard)
Eugene Greenhilt
61.4%
Human Paladin/
Fighter
O-Chul
50.1%
Unknown
Creature in the Darkness
47.2%
Raven Familiar
Blackwing
46.8%
Cat
Mr. Scruffy
41.7%
Quiz Playlist
Details
Report
Send in Message
Add To Playlist
Classic:
Type in answers that appear in a list
Last Updated: Feb 16, 2017
Quiz Scoreboard
CHALLENGE
Sign Up to Join the Scoreboard
Show All
Scores
Hide
Comments
May contain spoilers
Recently Published
Movies - When Are They Set?
by FPL_Elf
Movies
5m
Popular People in 1961
by mucciniale
History
6m
1-10 Letter E Words III
by El_Dandy
Language
2m
More to Explore
Quiz From the Vault
Featured Blog Post
Where Did the Easter Bunny Come From?
hide this ad
You Might Also Like...
Tags
Comic Books Quiz
Character
Comic Character
Dungeons and Dragons
Order
rpg
stick
Webcomic
Today's Top Quizzes in Entertainment
Browse Entertainment
hide this ad
Today's Top Quizzes in Comic Books
Browse Comic Books
Top Contributed Quizzes in Entertainment
1
Kamen Rider Motifs
2
Dragon Ball Z: Goku's Fights in Order
3
Dragon Ball Z: Mega Character Search
4
Marvel Characters Bunker
5
Criteria Quickie: Cartoon Taxonomy II
6
One Piece Arcs By Order III
7
Fictional Villains Letter U Blitz
8
Ana Gasteyer or Kathryn Hahn?
9
One Thing in Common: Fictional Characters
10
Dragon Ball Z: Super Saiyans in Order
Explore More
Trending Topics
Marvel
Disney
Harry Potter
NBA
Anime
Crossword
Kpop
Pokémon
The Office
WWE
Puzzle
Country
Soccer
Song
NFL
hide this ad
More By:
Fawkes
Quiz
Plays
Rating
Category
Featured
Created
Homestuck Trolls
9,409
4.22
Miscellaneous
Aug 16, 2010
Mass Effect Trilogy Squadmates
5,842
4.95
Gaming
Apr 8, 2012
Red vs. Blue Characters
2,354
4.44
Miscellaneous
Nov 5, 2009
Worst Video Games Ever
2,306
4.00
Gaming
Jun 20, 2010
Fifth Beatles
1,546
4.33
Music
Oct 5, 2009
Go to Creator's Profile
Score Distribution
Quiz Creator Spotlight
Fawkes
Follow
Send a Message
Quizzes Created
-
Created Quiz Play Count
-
More By This Creator
Popular Quizzes Today
1
Find the Countries of Europe - No Outlines Minefield
2
Find the US States - No Outlines Minefield
3
The Countries of the World
4
Popular People in 1961
5
US States
6
1-10 Letter E Words III
7
Find the US States
8
One Thing in Common: World Cities II
More Entertainment Quizzes
Badly described Konosuba Characters
Quiz Lab
Trending Quizzes
Risky Map Clicking: Least Populous States A-Z
1-10 Letter F Words
1-10 Letter G Words
One Thing in Common: United Kingdom
Risky Map Clicking: Next State Alphabetically
Recently Updated
Leaping Animals
pecheneg
Reality TV Shows (A-Z)
bhenderson79
Rickey Henderson's Hall of Fame Teammates
pecheneg
Champions League XIs: Arsenal
pecheneg
Quick Pick: Celebrities in WWE's Hall of Fame
aduchscher
A-Z Keypad Blitz II
pecheneg
Multiple Oscar Actors
pecheneg
Mystery Phrase Blitz: Oscar 'Best Actors'
pecheneg
F. Scott Fitzgerald Novels
LTH
Pick 3 Villains
ddd62291
Trending Topics
Disney
NBA
Harry Potter
Crossword
Anime
Marvel
Kpop
Soccer
Puzzle
NFL
WWE
Song
Pokémon
Country
The Office
Your Account Isn't Verified!
In order to create a playlist on Sporcle, you need to verify the email address you used during registration. Go to your
Sporcle Settings
to finish the process.
Report this User
Report this user for behavior that violates our
Community Guidelines
.
Details:
Send Report
Go to the Sporcle.com Mobile Site →
Comments